Co pytanie odpada jedno państwo - Statystyki

Ogólne statystyki
  • Ten quiz został rozwiązany 29 razy
  • Średni wynik to 117 z 256
Statystyki odpowiedzi
Zagadnienie Komórka Select % Poprawnych
Które leżą na półkuli północnej Australia Nie
79%
Które leżą na Ziemi Hiszpania Tak
79%
Które leżą na jednym kontynencie (główna część kraju) Polska Tak
79%
Które leżą na Ziemi Francja Tak
75%
Które leżą na Ziemi Litwa Tak
75%
Które leżą na jednym kontynencie (główna część kraju) Litwa Tak
75%
Które leżą na jednym kontynencie (główna część kraju) Łotwa Tak
75%
Które leżą na Ziemi Surinam Tak
75%
Które leżą na jednym kontynencie (główna część kraju) Szwecja Tak
75%
Które leżą na jednym kontynencie (główna część kraju) Ukraina Tak
75%
Które leżą na jednym kontynencie (główna część kraju) Włochy Tak
75%
Które leżą na jednym kontynencie (główna część kraju) Francja Tak
71%
Które leżą na Ziemi Grecja Tak
71%
Które leżą na jednym kontynencie (główna część kraju) Grecja Tak
71%
Które leżą na jednym kontynencie (główna część kraju) Hiszpania Tak
71%
Które leżą na Ziemi Korea Północna Tak
71%
Które leżą na Ziemi Łotwa Tak
71%
Które leżą na Ziemi Polska Tak
71%
Które leżą na Ziemi Rosja Tak
71%
Które leżą na Ziemi Szwecja Tak
71%
Które leżą na Ziemi Ukraina Tak
71%
Które leżą na Ziemi Włochy Tak
71%
Które leżą na Ziemi Chiny Tak
67%
Które leżą na Ziemi Gujana Tak
67%
Które leżą na półkuli północnej Hiszpania Tak
67%
Które leżą na półkuli północnej Szwecja Tak
67%
Które leżą na półkuli północnej Ukraina Tak
67%
Które leżą na Ziemi Australia Tak
63%
Które posiada jakąkolwiek granicę lądową Australia Nie
63%
Które leżą na półkuli północnej Chiny Tak
63%
Które leżą na półkuli północnej Francja Tak
63%
Które leżą na półkuli północnej Grecja Tak
63%
Które leżą na Ziemi Japonia Tak
63%
Które leżą na półkuli północnej Japonia Tak
63%
Które leżą na półkuli północnej Korea Północna Tak
63%
Które posiada jakąkolwiek granicę lądową Korea Północna Tak
63%
Które leżą na półkuli północnej Litwa Tak
63%
Które posiada jakąkolwiek granicę lądową Litwa Tak
63%
Które leżą na półkuli północnej Łotwa Tak
63%
Które leżą na półkuli północnej Włochy Tak
63%
Które leży w Europie albo Ameryce Południowej Australia Nie
58%
Które należą do Unii Europejskiej Australia Nie
58%
Które posiada jakąkolwiek granicę lądową Chiny Tak
58%
Które leży w Europie albo Ameryce Południowej Chiny Nie
58%
Które nie mają gwiazdy Chiny Nie
58%
Które należą do Unii Europejskiej Chiny Nie
58%
Które posiada jakąkolwiek granicę lądową Francja Tak
58%
Które posiada jakąkolwiek granicę lądową Grecja Tak
58%
Które posiada jakąkolwiek granicę lądową Gujana Tak
58%
Które należą do Unii Europejskiej Gujana Nie
58%
Które posiada jakąkolwiek granicę lądową Hiszpania Tak
58%
Które posiada jakąkolwiek granicę lądową Japonia Nie
58%
Które leży w Europie albo Ameryce Południowej Japonia Nie
58%
Które należą do Unii Europejskiej Japonia Nie
58%
Które leży w Europie albo Ameryce Południowej Korea Północna Nie
58%
Które nie mają gwiazdy Korea Północna Nie
58%
Które należą do Unii Europejskiej Korea Północna Nie
58%
Które posiada jakąkolwiek granicę lądową Łotwa Tak
58%
Które leżą na półkuli północnej Polska Tak
58%
Które posiada jakąkolwiek granicę lądową Polska Tak
58%
Które należą do Unii Europejskiej Rosja Nie
58%
Które posiada jakąkolwiek granicę lądową Surinam Tak
58%
Które należą do Unii Europejskiej Surinam Nie
58%
Które posiada jakąkolwiek granicę lądową Ukraina Tak
58%
Które posiada jakąkolwiek granicę lądową Włochy Tak
58%
Które nie mają gwiazdy Australia Nie
54%
Które leżą w Europie Australia Nie
54%
Które używają Euro Australia Nie
54%
Które używają Euro Chiny Nie
54%
Które leży w Europie albo Ameryce Południowej Francja Tak
54%
Które leżą w Europie Gujana Nie
54%
Które używają Euro Gujana Nie
54%
Które nie mają herbu na fladze Hiszpania Nie
54%
Które leżą w Europie Japonia Nie
54%
Które używają Euro Japonia Nie
54%
Które leżą w Europie Korea Północna Nie
54%
Które używają Euro Korea Północna Nie
54%
Które używają Euro Polska Nie
54%
Które leżą na jednym kontynencie (główna część kraju) Rosja Nie
54%
Które używają Euro Rosja Nie
54%
Które leżą w Europie Surinam Nie
54%
Które używają Euro Surinam Nie
54%
Które posiada jakąkolwiek granicę lądową Szwecja Tak
54%
Które leży w Europie albo Ameryce Południowej Szwecja Tak
54%
Które używają Euro Szwecja Nie
54%
Które należą do Unii Europejskiej Ukraina Nie
54%
Które używają Euro Ukraina Nie
54%
Które leżą w Europie Chiny Nie
50%
Które leży w Europie albo Ameryce Południowej Grecja Tak
50%
Które leży w Europie albo Ameryce Południowej Hiszpania Tak
50%
Które nie mają monarchii Japonia Nie
50%
Które leży w Europie albo Ameryce Południowej Litwa Tak
50%
Które nie mają gwiazdy Litwa Tak
50%
Które leżą w Europie Litwa Tak
50%
Które należą do Unii Europejskiej Litwa Tak
50%
Które leży w Europie albo Ameryce Południowej Łotwa Tak
50%
Które leżą w Europie Łotwa Tak
50%
Które leży w Europie albo Ameryce Południowej Polska Tak
50%
Które należą do Unii Europejskiej Polska Tak
50%
Które nie mają gwiazdy Szwecja Tak
50%
Które leży w Europie albo Ameryce Południowej Ukraina Tak
50%
Które nie mają gwiazdy Ukraina Tak
50%
Które leży w Europie albo Ameryce Południowej Włochy Tak
50%
Które nie mają herbu na fladze Australia Nie
46%
Które nie mają monarchii Australia Nie
46%
Które nie mają herbu na fladze Francja Tak
46%
Które nie mają gwiazdy Francja Tak
46%
Które leżą w Europie Francja Tak
46%
Które należą do Unii Europejskiej Francja Tak
46%
Które leżą w Europie Grecja Tak
46%
Które należą do Unii Europejskiej Grecja Tak
46%
Które używają Euro Grecja Tak
46%
Które leżą na jednym kontynencie (główna część kraju) Gujana Tak
46%
Które nie mają monarchii Hiszpania Nie
46%
Które nie mają herbu na fladze Litwa Tak
46%
Które nie mają monarchii Litwa Tak
46%
Które używają Euro Łotwa Tak
46%
Które nie mają gwiazdy Polska Tak
46%
Które leżą w Europie Polska Tak
46%
Które nie mają gwiazdy Surinam Nie
46%
Które leżą w Europie Szwecja Tak
46%
Które nie mają monarchii Szwecja Nie
46%
Które nie mają herbu na fladze Ukraina Tak
46%
Które leżą w Europie Ukraina Tak
46%
Które nie mają herbu na fladze Włochy Tak
46%
Które nie mają gwiazdy Włochy Tak
46%
Które leżą w Europie Włochy Tak
46%
Które należą do Unii Europejskiej Włochy Tak
46%
Które leżą na jednym kontynencie (główna część kraju) Australia Tak
42%
Które leżą na jednym kontynencie (główna część kraju) Chiny Tak
42%
W których turyści nie muszą mieć opiekuna do zwiedzania Francja Tak
42%
Które używają Euro Francja Tak
42%
Które nie mają gwiazdy Grecja Tak
42%
Które leżą na półkuli północnej Gujana Tak
42%
Które leży w Europie albo Ameryce Południowej Gujana Tak
42%
Które nie mają monarchii Gujana Nie
42%
Które nie mają gwiazdy Hiszpania Nie
42%
Które leżą na jednym kontynencie (główna część kraju) Japonia Tak
42%
Które leżą na jednym kontynencie (główna część kraju) Korea Północna Tak
42%
Które nie mają herbu na fladze Korea Północna Nie
42%
Które nie mają herbu na fladze Łotwa Tak
42%
Które nie mają gwiazdy Łotwa Tak
42%
Które należą do Unii Europejskiej Łotwa Tak
42%
Które nie mają monarchii Łotwa Tak
42%
Które nie mają herbu na fladze Polska Tak
42%
Które leżą na jednym kontynencie (główna część kraju) Surinam Tak
42%
Które leżą na półkuli północnej Surinam Tak
42%
Które nie mają monarchii Surinam Nie
42%
Które nie mają herbu na fladze Szwecja Tak
42%
Które należą do Unii Europejskiej Szwecja Tak
42%
Które używają Euro Włochy Tak
42%
Które nie mają dostępu do oceanu Australia Nie
38%
Które są państwami bałtyckimi Australia Nie
38%
Które nie mają herbu na fladze Chiny Nie
38%
Które nie mają monarchii Chiny Nie
38%
Które używają alfabetu łacińskiego Chiny Nie
38%
Które nie mają dostępu do oceanu Chiny Nie
38%
Które są państwami bałtyckimi Chiny Nie
38%
Które są państwami bałtyckimi Francja Nie
38%
W których turyści nie muszą mieć opiekuna do zwiedzania Grecja Tak
38%
Które nie mają herbu na fladze Grecja Tak
38%
Które są państwami bałtyckimi Grecja Nie
38%
Które nie mają dostępu do oceanu Gujana Nie
38%
Które są państwami bałtyckimi Gujana Nie
38%
W których turyści nie muszą mieć opiekuna do zwiedzania Hiszpania Tak
38%
Które są państwami bałtyckimi Hiszpania Nie
38%
Które używają alfabetu łacińskiego Japonia Nie
38%
Które nie mają dostępu do oceanu Japonia Nie
38%
Które są państwami bałtyckimi Japonia Nie
38%
W których turyści nie muszą mieć opiekuna do zwiedzania Korea Północna Nie
38%
Które nie mają monarchii Korea Północna Nie
38%
Które używają alfabetu łacińskiego Korea Północna Nie
38%
Które nie mają dostępu do oceanu Korea Północna Nie
38%
Które są państwami bałtyckimi Korea Północna Nie
38%
W których turyści nie muszą mieć opiekuna do zwiedzania Litwa Tak
38%
Które używają Euro Litwa Tak
38%
W których turyści nie muszą mieć opiekuna do zwiedzania Łotwa Tak
38%
Które nie mają monarchii Polska Tak
38%
Które leżą na półkuli północnej Rosja Nie
38%
W których turyści nie muszą mieć opiekuna do zwiedzania Surinam Tak
38%
Które leży w Europie albo Ameryce Południowej Surinam Tak
38%
Które nie mają dostępu do oceanu Surinam Nie
38%
Które są państwami bałtyckimi Surinam Nie
38%
W których turyści nie muszą mieć opiekuna do zwiedzania Szwecja Tak
38%
W których turyści nie muszą mieć opiekuna do zwiedzania Ukraina Tak
38%
W których turyści nie muszą mieć opiekuna do zwiedzania Włochy Tak
38%
Które nie mają monarchii Włochy Tak
38%
Które są państwami bałtyckimi Włochy Nie
38%
Które graniczą z Polską Australia Nie
33%
W których turyści nie muszą mieć opiekuna do zwiedzania Chiny Tak
33%
Które graniczą z Polską Chiny Nie
33%
Które nie mają monarchii Francja Tak
33%
Które nie mają dostępu do oceanu Francja Nie
33%
Które graniczą z Polską Francja Nie
33%
Które nie mają monarchii Grecja Tak
33%
Które graniczą z Polską Grecja Nie
33%
W których turyści nie muszą mieć opiekuna do zwiedzania Gujana Tak
33%
Które nie mają herbu na fladze Gujana Tak
33%
Które używają alfabetu łacińskiego Gujana Nie
33%
Które graniczą z Polską Gujana Nie
33%
Które nie mają dostępu do oceanu Hiszpania Nie
33%
Które graniczą z Polską Hiszpania Nie
33%
Które nie mają herbu na fladze Japonia Nie
33%
Które graniczą z Polską Japonia Nie
33%
Które graniczą z Polską Korea Północna Nie
33%
Które nie mają dostępu do oceanu Litwa Tak
33%
W których turyści nie muszą mieć opiekuna do zwiedzania Polska Tak
33%
W których turyści nie muszą mieć opiekuna do zwiedzania Rosja Nie
33%
Które nie mają monarchii Rosja Nie
33%
Które używają alfabetu łacińskiego Rosja Nie
33%
Które nie mają herbu na fladze Surinam Tak
33%
Które używają alfabetu łacińskiego Surinam Nie
33%
Które graniczą z Polską Surinam Nie
33%
Które graniczą z Polską Szwecja Nie
33%
Które używają alfabetu łacińskiego Ukraina Nie
33%
Które są państwami bałtyckimi Ukraina Nie
33%
Które graniczą z Polską Włochy Nie
33%
W których turyści nie muszą mieć opiekuna do zwiedzania Australia Nie
29%
Które używają alfabetu łacińskiego Australia Nie
29%
Które używają alfabetu łacińskiego Francja Tak
29%
Które używają alfabetu łacińskiego Grecja Nie
29%
Które nie mają gwiazdy Gujana Tak
29%
Które używają Euro Hiszpania Nie
29%
W których turyści nie muszą mieć opiekuna do zwiedzania Japonia Nie
29%
Które nie mają gwiazdy Japonia Nie
29%
Które są państwami bałtyckimi Litwa Tak
29%
Które nie mają dostępu do oceanu Łotwa Tak
29%
Które są państwami bałtyckimi Łotwa Tak
29%
Które graniczą z Polską Łotwa Nie
29%
Które używają alfabetu łacińskiego Polska Nie
29%
Które graniczą z Polską Polska Nie
29%
Które posiada jakąkolwiek granicę lądową Rosja Nie
29%
Które leży w Europie albo Ameryce Południowej Rosja Nie
29%
Które nie mają herbu na fladze Rosja Nie
29%
Które nie mają gwiazdy Rosja Nie
29%
Które leżą w Europie Rosja Nie
29%
Które nie mają dostępu do oceanu Rosja Nie
29%
Które są państwami bałtyckimi Rosja Nie
29%
Które są państwami bałtyckimi Szwecja Nie
29%
Które używają alfabetu łacińskiego Włochy Tak
29%
Które nie mają dostępu do oceanu Włochy Tak
29%
Które leżą w Europie Hiszpania Nie
25%
Które należą do Unii Europejskiej Hiszpania Nie
25%
Które używają alfabetu łacińskiego Hiszpania Nie
25%
Które używają alfabetu łacińskiego Litwa Tak
25%
Które graniczą z Polską Litwa Tak
25%
Które używają alfabetu łacińskiego Łotwa Tak
25%
Które nie mają dostępu do oceanu Polska Nie
25%
Które są państwami bałtyckimi Polska Nie
25%
Które graniczą z Polską Rosja Nie
25%
Które używają alfabetu łacińskiego Szwecja Nie
25%
Które nie mają monarchii Ukraina Nie
25%
Które nie mają dostępu do oceanu Grecja Nie
21%
Które nie mają dostępu do oceanu Szwecja Nie
21%
Które nie mają dostępu do oceanu Ukraina Nie
21%
Które graniczą z Polską Ukraina Nie
21%
Nie znaleziono quizów pasujących do podanych kryteriów
Rozkład punktacji
Procent ludzi z każdym wynikiem
Percentyl według liczby udzielonych odpowiedzi
Twoja historia wyników
Nie rozwiązałeś tego quizu